000 00350nam a22001577a 4500
005 20190330112915.0
008 190330b xxu||||| |||| 00| 0 eng d
020 _a9788120309869
041 _aeng
082 _a621.3815
245 _aBasic VLSI Design
250 _a3 rd
260 _aNew Delhi
_bPHI Learning
_c2015
300 _a457
942 _cBK
999 _c5793
_d5791